<?xml version="1.0" encoding="UTF-8"?>
<record
    xmlns:xsi="http://www.w3.org/2001/XMLSchema-instance"
    xsi:schemaLocation="http://www.loc.gov/MARC21/slim http://www.loc.gov/standards/marcxml/schema/MARC21slim.xsd"
    xmlns="http://www.loc.gov/MARC21/slim">

  <leader>00619nam a2200181Ia 4500</leader>
  <controlfield tag="001">13944</controlfield>
  <controlfield tag="003">OSt</controlfield>
  <controlfield tag="005">20160308104859.0</controlfield>
  <controlfield tag="008">140402s9999    xx            000 0 und d</controlfield>
  <datafield tag="040" ind1=" " ind2=" ">
    <subfield code="c">PK-LaUMT</subfield>
  </datafield>
  <datafield tag="082" ind1=" " ind2=" ">
    <subfield code="a"> 306</subfield>
    <subfield code="b">QUT-I</subfield>
  </datafield>
  <datafield tag="100" ind1=" " ind2=" ">
    <subfield code="a">Syed Qutab Shaheed</subfield>
  </datafield>
  <datafield tag="245" ind1=" " ind2=" ">
    <subfield code="a">(&#x627;&#x633;&#x644;&#x627;&#x645; &#x627;&#x648;&#x631; &#x645;&#x63A;&#x631;&#x628; &#x6A9;&#x6D2; &#x62A;&#x6C1;&#x632;&#x6CC;&#x628;&#x6CC; &#x645;&#x633;&#x627;&#x626;&#x644;)Islam aur maghrab ke tahzeebi masael</subfield>
    <subfield code="c">(&#x633;&#x6CC;&#x62F; &#x642;&#x637;&#x628; &#x634;&#x6C1;&#x6CC;&#x62F;)Syed Qutab Shaheed</subfield>
  </datafield>
  <datafield tag="260" ind1=" " ind2=" ">
    <subfield code="a">(&#x644;&#x627;&#x6C1;&#x648;&#x631;&#x60C; &#x67E;&#x627;&#x6A9;&#x633;&#x62A;&#x627;&#x646;)Lahore,Pakistan:</subfield>
    <subfield code="b">(&#x645;&#x6A9;&#x62A;&#x628;&#x6C1; &#x62A;&#x639;&#x645;&#x6CC;&#x631;&#x627;&#x62A; &#x627;&#x646;&#x633;&#x627;&#x646;&#x6CC;&#x62A;)Maktaba Tameraat Insaniyyat,</subfield>
    <subfield code="c">1995</subfield>
  </datafield>
  <datafield tag="300" ind1=" " ind2=" ">
    <subfield code="a">208 p.</subfield>
  </datafield>
  <datafield tag="546" ind1=" " ind2=" ">
    <subfield code="a">EN</subfield>
  </datafield>
  <datafield tag="942" ind1=" " ind2=" ">
    <subfield code="c">BK</subfield>
    <subfield code="2">ddc</subfield>
  </datafield>
  <datafield tag="999" ind1=" " ind2=" ">
    <subfield code="c">14584</subfield>
    <subfield code="d">14584</subfield>
  </datafield>
  <datafield tag="952" ind1=" " ind2=" ">
    <subfield code="0">0</subfield>
    <subfield code="1">0</subfield>
    <subfield code="4">0</subfield>
    <subfield code="7">0</subfield>
    <subfield code="a">01</subfield>
    <subfield code="b">01</subfield>
    <subfield code="d">2014-04-02</subfield>
    <subfield code="l">1</subfield>
    <subfield code="o"> 306 QUT-I</subfield>
    <subfield code="p">16155</subfield>
    <subfield code="r">2019-05-04 00:00:00</subfield>
    <subfield code="s">2018-01-19</subfield>
    <subfield code="w">2014-04-21</subfield>
    <subfield code="y">BK</subfield>
  </datafield>
</record>
